Theory and practice of the balance of power, 1486-1914 (Record no. 59753)
[ view plain ]
| 000 -LEADER | |
|---|---|
| fixed length control field | 00679nam a2200181 a 4500 |
| 008 - FIXED-LENGTH DATA ELEMENTS--GENERAL INFORMATION | |
| fixed length control field | 120416s1975 ||||||||||||||||| || u |
| 020 ## - INTERNATIONAL STANDARD BOOK NUMBER | |
| International Standard Book Number | 046010196X |
| 050 ## - LIBRARY OF CONGRESS CALL NUMBER | |
| Classification number | KJ 23 The |
| 100 ## - MAIN ENTRY--PERSONAL NAME | |
| Personal name | Wright, Moorehead |
| 245 10 - TITLE STATEMENT | |
| Title | Theory and practice of the balance of power, 1486-1914 |
| Statement of responsibility, etc. | edited by Moorehead Wright |
| 246 ## - VARYING FORM OF TITLE | |
| Title proper/short title | selected European writings |
| 260 ## - PUBLICATION, DISTRIBUTION, ETC. | |
| Place of publication, distribution, etc. | London |
| Name of publisher, distributor, etc. | J. M. Dent |
| Date of publication, distribution, etc. | 1975 |
| 300 ## - PHYSICAL DESCRIPTION | |
| Extent | xxix, 152p. |
| 350 ## - PRICE (NR) (BK AM CF MU VM SE) [OBSOLETE] | |
| Price | 0.00 |
| 650 ## - SUBJECT ADDED ENTRY--TOPICAL TERM | |
| Topical term or geographic name entry element | BALANCE OF POWER--LAW AND LEGISLATION--EUROPE--1486-1914 |
| 650 ## - SUBJECT ADDED ENTRY--TOPICAL TERM | |
| Topical term or geographic name entry element | LAW |
| 995 ## - RECOMMENDATION 995 [LOCAL, UNIMARC FRANCE] | |
| -- | 0.00 |
| -- | CBU-MAIN LIBRARY (Kitwe) |
| -- | 1 |
| -- | 8.95 |
| -- | 1 |
| -- | AVAILABLE |
| -- | Annex Low-Usage Collection |
| Withdrawn status | Lost status | Source of classification or shelving scheme | Damaged status | Not for loan | Home library | Current library | Shelving location | Date acquired | Total Checkouts | Full call number | Barcode | Date last seen | Price effective from | Koha item type |
|---|---|---|---|---|---|---|---|---|---|---|---|---|---|---|
| CBU-MAIN LIBRARY, KITWE. | CBU-MAIN LIBRARY, KITWE. | 11/30/2022 | KJ 23 The | 008222 | 11/30/2022 | 11/30/2022 | MONOGRAPH |